| 000 | 00768nam a22002537a 4500 | ||
|---|---|---|---|
| 003 | DO-SdBNP | ||
| 005 | 20180126113204.0 | ||
| 008 | 160809b 2004 ag |||| 00| 0 spa d | ||
| 020 | _a9789875503731 | ||
| 040 |
_aBPMSU _bspa _cBPMSU |
||
| 092 |
_axxxxxxxx _bxxxxxxxx |
||
| 100 | 1 | _aGibrán, Khalil | |
| 245 | 1 | 3 |
_aEl jardín del profeta / _cKhalil Gibrán ; editora Diana Blumenfeld |
| 260 |
_aBuenos Aires : _bLongseller, _c2004. |
||
| 300 |
_a127 p. ; _c18 cm. |
||
| 490 | 1 | _aClásicos de siempre | |
| 490 | 1 |
_aFuentes de inspiración _v8 |
|
| 700 | 1 |
_aBlumenfeld, Diana, _eed. |
|
| 830 | 0 | _aClásicos de siempre | |
| 830 | 0 |
_aFuentes de inspiración _n8 |
|
| 942 |
_2ddc _cBK |
||
| 945 | _aInventariado, 2018 / BT | ||
| 956 |
_aBTAVÁREZ _b10 _d20160908 _fBPMSU _h0038 |
||
| 999 |
_c11126 _d11126 |
||